| 000 -LEADER |
| fixed length control field |
00743nam a2200265 a 4500 |
| 001 - CONTROL NUMBER |
| control field |
19125 |
| 003 - CONTROL NUMBER IDENTIFIER |
| control field |
BD-DhUAP |
| 005 - DATE AND TIME OF LATEST TRANSACTION |
| control field |
20200128155031.0 |
| 008 - FIXED-LENGTH DATA ELEMENTS--GENERAL INFORMATION |
| fixed length control field |
200128s2012 ohua 001 0 eng |
| 020 ## - INTERNATIONAL STANDARD BOOK NUMBER |
| International Standard Book Number |
813151739X |
| 020 ## - INTERNATIONAL STANDARD BOOK NUMBER |
| International Standard Book Number |
9788131517390 |
| 040 ## - CATALOGING SOURCE |
| Original cataloging agency |
DLC |
| Transcribing agency |
DLC |
| Modifying agency |
DLC |
| -- |
BD-DhUAP |
| 042 ## - AUTHENTICATION CODE |
| Authentication code |
pcc |
| 082 00 - DEWEY DECIMAL CLASSIFICATION NUMBER |
| Classification number |
330 MAN |
| Edition number |
23 |
| 100 1# - MAIN ENTRY--PERSONAL NAME |
| Personal name |
Mankiw, N. Gregory. |
| 9 (RLIN) |
2184 |
| 245 10 - TITLE STATEMENT |
| Title |
Principles of economics / |
| Statement of responsibility, etc. |
N. Gregory Mankiw. |
| 250 ## - EDITION STATEMENT |
| Edition statement |
6th ed. |
| 260 ## - PUBLICATION, DISTRIBUTION, ETC. |
| Place of publication, distribution, etc. |
New Delhi: |
| Name of publisher, distributor, etc. |
Cengage Learning, |
| Date of publication, distribution, etc. |
c2012 [Reprinted 2014]. |
| 300 ## - PHYSICAL DESCRIPTION |
| Extent |
xxxii, 856 pages : |
| Other physical details |
illustrations ; |
| Dimensions |
27 cm. |
| 500 ## - GENERAL NOTE |
| General note |
Includes index. |
| 650 #0 - SUBJECT ADDED ENTRY--TOPICAL TERM |
| Topical term or geographic name entry element |
Economics. |
| 9 (RLIN) |
2185 |
| 942 ## - ADDED ENTRY ELEMENTS (KOHA) |
| Source of classification or shelving scheme |
|
| Koha item type |
Book |